|
|
|
|
| LEADER |
00000nam0a2200000 4500 |
| 001 |
201922 |
| 005 |
20231101225048.0 |
| 010 |
|
|
|a 9785930372281
|
| 035 |
|
|
|a (RuTPU)RU\TPU\book\220069
|
| 090 |
|
|
|a 201922
|
| 100 |
|
|
|a 20111004d2011 m y0rusy50 ca
|
| 101 |
0 |
|
|a rus
|
| 102 |
|
|
|a RU
|
| 105 |
|
|
|a a j 001zy
|
| 200 |
1 |
|
|a Компьютерные информационные технологии в бортовой РЛС
|f А. С. Карташкин
|
| 210 |
|
|
|a Москва
|c РадиоСофт
|d 2011
|
| 215 |
|
|
|a 215 с.
|c ил.
|
| 320 |
|
|
|a Библиогр.: с. 215.
|
| 330 |
|
|
|a В книге рассматриваются общие принципы формирования и функционирования информационных потоков в современных радиолокационных системах, которые имеют в своем составе активную фазированную антенную решетку и устанавливаются на борту перспективных истребителей. Дается представление о CALS-технологии, осуществляющей компьютерную поддержку устройств авионики и COTS-техкологии, являющейся в настоящее время базовым методом построения бортовой вычислительной системы. Материал книги основывается на лекционных дисциплинах таких, как "Информационные технологии", "Теоретические основы радиолокации и радионавигации" "Системы приборного оборудования". "Радиоэлектронное пилотажно-навигационное оборудование" и др.. в течение многих лет читаемых автором на факультетах "Авиационная техника" и "Радиоэлектроника летательных аппаратов" Московского авиационного института (Государственного технического университета). Работа предназначена широкому кругу читателей — учащимся и студентам технических образовательных учреждений, обучающимся по специальностям радиотехнического, информационного и вычислительного профилей, а также всем желающим ознакомиться с принципами и обшими методами функционирования авиационных бортовых компыютеризарованных комплексов.
|
| 606 |
1 |
|
|a Радиолокация авиационная
|2 stltpush
|3 (RuTPU)RU\TPU\subj\22837
|9 47524
|
| 610 |
1 |
|
|a бортовые РЛС
|
| 610 |
1 |
|
|a бортовые радиолокационные системы
|
| 610 |
1 |
|
|a функционирование
|
| 610 |
1 |
|
|a автоматизированное проектирование
|
| 610 |
1 |
|
|a компьютерные модели
|
| 610 |
1 |
|
|a компьютерный информационный комплекс
|
| 610 |
1 |
|
|a создание
|
| 610 |
1 |
|
|a антенная решетка
|
| 675 |
|
|
|a 629.73.05:621.3
|v 3
|
| 700 |
|
1 |
|a Карташкин
|b А. С.
|
| 801 |
|
1 |
|a RU
|b 63413507
|c 20111004
|
| 801 |
|
2 |
|a RU
|b 63413507
|c 20120406
|g RCR
|
| 900 |
|
|
|a Компьютерные информационные технологии
|
| 942 |
|
|
|c BK
|
| 959 |
|
|
|a 87/20111004
|d 1
|e 180,00
|f ЧЗТЛ:1
|